Priority rozvoja zdravotnej politiky Slovenska konsenzuálna dohoda predstaviteľov 24 odborných, profesijných, odborových a stavovských organizácií pôsobiacich v zdravotníctve

Bibliographic Details
Format: Article
Language:Slovak
PhysicalDescription:Fotogr.
ISSN:1335-4477
Subjects:

MARC

LEADER 00000nab a2200000 a 4500
001 vtls009004811
003 SK-MaSNL
005 20260303065648.0
008 140303c2007 xo wrzp 0 0slo
015 |a SNBRB2007/06  |2 snkbucl 
040 |a SNKBUCL  |b slo  |c SNKBUCL  |e AACR2 
041 0 |a slo 
044 |a xo  |c SK 
080 |a 614  |x (437.6)  |2 1997 
245 0 0 |a Priority rozvoja zdravotnej politiky Slovenska  |b konsenzuálna dohoda predstaviteľov 24 odborných, profesijných, odborových a stavovských organizácií pôsobiacich v zdravotníctve 
300 |a Fotogr. 
650 0 7 |a zdravotníctvo  |z Slovensko  |2 snkbucl  |9 310379 
650 0 7 |a zdravotná politika  |2 snkbucl  |9 22479 
773 0 |t Zdravotnícke noviny  |g Roč. XII, č. 23 (2007), s. 7  |x 1335-4477 
852 |a SNK  |b KIS3GCP 
958 |a MI 
958 |a SK 
999 |c 1752097  |d 1754027